Normal view
MARC view
Entry Personal Name
001 - CONTROL NUMBER
- control field: 49557
003 - CONTROL NUMBER IDENTIFIER
- control field: dpl
005 - DATE AND TIME OF LATEST TRANSACTION
- control field: 20120626162430.0
008 - FIXED-LENGTH DATA ELEMENTS
- fixed length control field: 120626|||a|||||| | ||| d
040 ## - CATALOGING SOURCE
- Original cataloging agency: dpl
- Transcribing agency: dpl
100 ## - HEADING--PERSONAL NAME
- Personal name: Deshpande , Prachi
670 ## - SOURCE DATA FOUND
- Source citation: Work cat.: (dpl)68119: Deshpande , Prachi, Creative Pasts ; Histirical Memory And Identioty In western India /, 2007
670 ## - SOURCE DATA FOUND
- Source citation: Work cat.: (dpl)68119: Deshpande , Prachi, Creative Pasts ; Histirical Memory And Identioty In western India /, 2007
